[Event "BCF-chT3 0910 (4NCL)"]
[Site "England"]
[Date "2010.05.03"]
[Round "11.2"]
[White "Compton, Alistair"]
[Black "Sparkes, Daniel A"]
[Result "1-0"]
[WhiteElo "2061"]
[BlackElo "2066"]
[PlyCount "83"]
[EventDate "2009.10.24"]
[EventType "team-tourn"]
[EventRounds "11"]
[EventCountry "ENG"]
[SourceTitle "EXT 2011"]
[Source "ChessBase"]
[SourceDate "2010.11.26"]
[SourceVersion "1"]
[SourceVersionDate "2010.11.26"]
[SourceQuality "1"]
[WhiteTeam "e2e4.org.uk II"]
[BlackTeam "AMCA Rhinos"]
[WhiteTeamCountry "ENG"]
[BlackTeamCountry "ENG"]

1. e4 c5 2. Nf3 g6 3. c3 Bg7 4. d4 cxd4 5. cxd4 d5 6. e5 f6 7. Nc3 Be6 8. Bb5+ Nc6 9. Bxc6+ bxc6 10. 0-0 Bf7 11. Re1 e6 12. Na4 f5 13. Nc5 Bf8 14. Bg5 Qb6 15. Rc1 h6 16. Bf6 Nxf6 17. exf6 Bxc5 18. Rxc5 0-0 19. Qc1 Kh7 20. Ne5 Qd8 21. Rxc6 Qxf6 22. Nd7 Qxd4 23. Nxf8+ Rxf8 24. Qc3 Qxc3 25. bxc3 Rb8 26. Rc7 Kg7 27. Rxa7 e5 28. f4 e4 29. Kf2 g5 30. g3 Kf6 31. Ke3 Rb2 32. Re2 Rb1 33. Rd2 Re1+ 34. Kd4 gxf4 35. gxf4 Rb1 36. a4 Rb3 37. a5 Ra3 38. Rb2 e3 39. Rb6+ Kg7 40. Rbb7 e2 41. Rxf7+ Kg6 42. Rfe7 1-0

[Event "BCF-chT3 0910 (4NCL)"]
[Site "England"]
[Date "2010.01.16"]
[Round "3.2"]
[White "Sparkes, Daniel A"]
[Black "Clarke, Sean A"]
[Result "1-0"]
[WhiteElo "2066"]
[BlackElo "1786"]
[PlyCount "131"]
[EventDate "2009.10.24"]
[EventType "team-tourn"]
[EventRounds "11"]
[EventCountry "ENG"]
[SourceTitle "EXT 2011"]
[Source "ChessBase"]
[SourceDate "2010.11.26"]
[SourceVersion "1"]
[SourceVersionDate "2010.11.26"]
[SourceQuality "1"]
[WhiteTeam "AMCA Rhinos"]
[BlackTeam "Southern Counties Stars"]
[WhiteTeamCountry "ENG"]
[BlackTeamCountry "ENG"]

1. e4 c6 2. Nc3 d5 3. Nf3 dxe4 4. Nxe4 Nf6 5. Nc3 Bg4 6. Bc4 e6 7. h3 Bh5 8. d3 Bd6 9. Bg5 Nbd7 10. g4 Bg6 11. Qe2 h6 12. Bh4 Qc7 13. 0-0-0 0-0-0 14. Kb1 Rde8 15. Rhe1 Bh7 16. g5 Nh5 17. Ne4 Be7 18. gxh6 gxh6 19. Bxe7 Rxe7 20. Qe3 Kb8 21. Qxh6 Nf4 22. Qg7 Ree8 23. Nf6 Nxf6 24. Qxf6 Nxh3 25. Ne5 Qe7 26. Re3 Qxf6 27. Nd7+ Kc7 28. Nxf6 Bf5 29. Nxe8+ Rxe8 30. Rf1 Rg8 31. Rg3 Rd8 32. Rg7 Rd7 33. f3 a5 34. a4 Nf4 35. Rh1 Bh3 36. Rh2 Bf5 37. Rh8 Nd5 38. Ra8 Kb6 39. Bxd5 exd5 40. Kc1 Re7 41. Kd2 Bg6 42. d4 Bh5 43. Rf8 Bg6 44. c3 Ka7 45. Rgg8 Bh5 46. Rg7 Bg6 47. Rh8 Re6 48. Rh6 Kb6 49. f4 Kc7 50. f5 Bxf5 51. Rxf7+ Kd6 52. Rxe6+ Bxe6 53. Rxb7 Bh3 54. b4 axb4 55. cxb4 Bc8 56. Rb8 Bh3 57. Kc3 Kc7 58. Rf8 Bg4 59. Rf7+ Kb6 60. a5+ Ka6 61. Rc7 Kb5 62. Rb7+ Ka6 63. Rb6+ Ka7 64. Rxc6 Kb7 65. b5 Be2 66. Kb4 1-0

[Event "BCF-chT3 0910 (4NCL)"]
[Site "England"]
[Date "2009.10.25"]
[Round "2.2"]
[White "Tunks, Dominic"]
[Black "Sparkes, Daniel A"]
[Result "1-0"]
[WhiteElo "2076"]
[BlackElo "2066"]
[PlyCount "47"]
[EventDate "2009.10.24"]
[EventType "team-tourn"]
[EventRounds "11"]
[EventCountry "ENG"]
[SourceTitle "EXT 2011"]
[Source "ChessBase"]
[SourceDate "2010.11.26"]
[SourceVersion "1"]
[SourceVersionDate "2010.11.26"]
[SourceQuality "1"]
[WhiteTeam "Wessex II"]
[BlackTeam "AMCA Rhinos"]
[WhiteTeamCountry "ENG"]
[BlackTeamCountry "ENG"]

1. d4 Nf6 2. c4 e6 3. Nc3 Bb4 4. Qc2 c5 5. Nf3 Nc6 6. dxc5 Qa5 7. Bd2 Qxc5 8. e3 d5 9. a3 Bxc3 10. Bxc3 dxc4 11. Bxf6 gxf6 12. b4 Nxb4 13. axb4 Qxb4+ 14. Nd2 b5 15. Qe4 0-0 16. Bd3 f5 17. Qxa8 Rd8 18. 0-0 Qxd2 19. Rfd1 Qb4 20. Bf1 Rf8 21. Qxa7 e5 22. Rab1 Qc3 23. Rxb5 Be6 24. Qc7 1-0

[Event "BCF-chT3 0809 (4NCL)"]
[Site "Hinckley Island"]
[Date "2009.02.08"]
[Round "6.6"]
[White "Lim, Mark"]
[Black "Sparkes, Daniel A"]
[Result "1/2-1/2"]
[WhiteElo "1908"]
[BlackElo "2000"]
[PlyCount "47"]
[EventDate "2008.10.18"]
[EventType "team-swiss"]
[EventRounds "11"]
[EventCountry "ENG"]
[SourceTitle "EXT 2010"]
[Source "ChessBase"]
[SourceDate "2010.11.25"]
[SourceVersion "1"]
[SourceVersionDate "2010.11.25"]
[SourceQuality "1"]
[WhiteTeam "Cambridge II"]
[BlackTeam "AMCA Dragons"]
[WhiteTeamCountry "ENG"]
[BlackTeamCountry "ENG"]

1. Nf3 Nf6 2. c4 g6 3. b4 Bg7 4. Bb2 c5 5. bxc5 Qa5 6. e3 Qxc5 7. Be2 0-0 8. Ba3 Qa5 9. Bb2 Nc6 10. 0-0 d6 11. d4 Bf5 12. Nbd2 Ne4 13. Nxe4 Bxe4 14. Bd3 Bxd3 15. Qxd3 Rac8 16. Rfc1 Rfd8 17. Qb3 Qc7 18. c5 d5 19. Bc3 Rd7 20. Rab1 Rcd8 21. Rb2 e5 22. Nxe5 Nxe5 23. dxe5 Bxe5 24. Bxe5 1/2-1/2

[Event "BCF-chT4 0506 (4NCL)"]
[Site "West Bromwich"]
[Date "2006.05.27"]
[Round "9.5"]
[White "Sparkes, Daniel A"]
[Black "Bayliss, Lyall CP"]
[Result "1/2-1/2"]
[WhiteElo "2030"]
[BlackElo "1925"]
[PlyCount "81"]
[EventDate "2005.11.05"]
[EventType "team-tourn"]
[EventRounds "11"]
[EventCountry "ENG"]
[SourceTitle "CBM 109 Extra"]
[Source "ChessBase"]
[SourceDate "2006.01.03"]
[SourceVersion "2"]
[SourceVersionDate "2006.01.03"]
[SourceQuality "1"]
[WhiteTeam "Slough Sharks IV"]
[BlackTeam "Sussex Mindsports"]
[WhiteTeamCountry "ENG"]
[BlackTeamCountry "ENG"]

1. e4 e5 2. Nf3 Nc6 3. Bb5 a6 4. Ba4 Nf6 5. 0-0 Be7 6. Re1 b5 7. Bb3 0-0 8. c3 d5 9. exd5 Nxd5 10. Nxe5 Nxe5 11. Rxe5 c6 12. d4 Bd6 13. Re1 Qh4 14. g3 Qh3 15. Qf3 Bg4 16. Qg2 Qh5 17. Bxd5 cxd5 18. Be3 Bh3 19. Qh1 f5 20. Qxd5+ Kh8 21. Nd2 Rad8 22. Qf3 Bg4 23. Qh1 f4 24. Bxf4 Bxf4 25. gxf4 Rxf4 26. Re3 Rdf8 27. f3 Bxf3 28. Nxf3 Rxf3 29. Rxf3 Rxf3 30. Qg2 h6 31. Kh1 Qf5 32. Rg1 Qf8 33. d5 Rf2 34. Qg3 Rd2 35. Qe3 Rxd5 36. Re1 Rd8 37. Qe2 Qf7 38. a3 Qd5+ 39. Qe4 Qd2 40. Qe2 Qg5 41. Rd1 1/2-1/2

[Event "BCF-chT4 0506 (4NCL)"]
[Site "West Bromwich"]
[Date "2006.03.18"]
[Round "7.3"]
[White "Sparkes, Daniel A"]
[Black "Healey, Michael W"]
[Result "0-1"]
[WhiteElo "2030"]
[BlackElo "1900"]
[PlyCount "42"]
[EventDate "2005.11.05"]
[EventType "team-tourn"]
[EventRounds "11"]
[EventCountry "ENG"]
[SourceTitle "CBM 109 Extra"]
[Source "ChessBase"]
[SourceDate "2006.01.03"]
[SourceVersion "2"]
[SourceVersionDate "2006.01.03"]
[SourceQuality "1"]
[WhiteTeam "Slough Sharks IV"]
[BlackTeam "King takes Pawn"]
[WhiteTeamCountry "ENG"]
[BlackTeamCountry "ENG"]

1. e4 e5 2. Nf3 Nc6 3. Bb5 a6 4. Ba4 Nf6 5. 0-0 Be7 6. Re1 b5 7. Bb3 0-0 8. h3 d6 9. c3 Bb7 10. d4 Na5 11. Bc2 c5 12. dxe5 dxe5 13. Qxd8 Raxd8 14. Nxe5 Nxe4 15. a4 b4 16. f3 Bh4 17. Rxe4 Bxe4 18. fxe4 Bg3 19. cxb4 cxb4 20. Bd2 b3 21. Bd1 Bxe5 0-1